[Event "Campeonatos de Espana Universitarios 20"]
[Site "Universidad de Alicante, Spai"]
[Date "2019.04.10"]
[Round "7.7"]
[White "Villasenor Rubio, Emilio Jose"]
[Black "Abal Cores, Lucas"]
[Result "1/2-1/2"]
[WhiteElo "2224"]
[BlackElo "2304"]
[PlyCount "119"]
[EventDate "2019.??.??"]

1. e4 {[%clk 00:40:09]  [%emt 00:00:15]} 1... c5 {
[%clk 00:40:06]  [%emt 00:00:10]} 2. Nf3 {[%clk 00:40:11]} 2... Nc6 {
[%clk 00:40:07]} 3. d4 {[%clk 00:40:13]} 3... cxd4 {
[%clk 00:40:06]  [%emt 00:00:10]} 4. Nxd4 {[%clk 00:40:17]} 4... e5 {
[%clk 00:40:05]} 5. Nb5 {[%clk 00:40:17]} 5... d6 {[%clk 00:40:08]} 6. N1c3 {
[%clk 00:40:05]  [%emt 00:00:22]} 6... a6 {[%clk 00:40:05]  [%emt 00:00:06]} 7.
Na3 {[%clk 00:40:08]  [%emt 00:00:03]} 7... b5 {
[%clk 00:40:03]  [%emt 00:00:05]} 8. Nd5 {[%clk 00:40:08]  [%emt 00:00:09]}
8... Nce7 {[%clk 00:40:05]  [%emt 00:00:05]} 9. c4 {
[%clk 00:39:47]  [%emt 00:00:20]} 9... Nxd5 {[%clk 00:40:04]  [%emt 00:00:11]}
10. exd5 {[%clk 00:39:32]  [%emt 00:00:15]} 10... Be7 {
[%clk 00:39:31]  [%emt 00:00:38]} 11. Be2 {[%clk 00:38:07]  [%emt 00:01:31]}
11... Nf6 {[%clk 00:39:00]  [%emt 00:01:08]} 12. O-O {[%clk 00:38:02]} 12...
O-O {[%clk 00:32:57]  [%emt 00:05:46]} 13. cxb5 {
[%clk 00:35:41]  [%emt 00:02:23]} 13... axb5 {[%clk 00:32:48]  [%emt 00:00:33]}
14. Nxb5 {[%clk 00:35:23]  [%emt 00:00:06]} 14... Bb7 {
[%clk 00:32:24]  [%emt 00:00:26]} 15. Bc4 {[%clk 00:31:55]  [%emt 00:03:54]}
15... Qd7 {[%clk 00:26:09]  [%emt 00:05:58]} 16. a4 {
[%clk 00:30:25]  [%emt 00:01:35]} 16... Ne4 {[%clk 00:25:28]  [%emt 00:00:50]}
17. f3 {[%clk 00:28:44]  [%emt 00:01:45]} 17... Nc5 {
[%clk 00:24:01]  [%emt 00:01:30]} 18. b4 {[%clk 00:27:29]  [%emt 00:01:24]}
18... Na6 {[%clk 00:24:05]  [%emt 00:00:03]} 19. Bd2 {
[%clk 00:27:17]  [%emt 00:00:11]} 19... f5 {[%clk 00:21:35]  [%emt 00:02:34]}
20. Qe2 {[%clk 00:24:39]  [%emt 00:03:19]} 20... Bf6 {
[%clk 00:18:09]  [%emt 00:02:59]} 21. Rab1 {[%clk 00:24:36]  [%emt 00:00:05]}
21... Rae8 {[%clk 00:16:28]  [%emt 00:01:49]} 22. Nc3 {
[%clk 00:21:37]  [%emt 00:03:00]} 22... Nc7 {[%clk 00:16:32]  [%emt 00:00:33]}
23. b5 {[%clk 00:20:52]  [%emt 00:00:21]} 23... e4 {
[%clk 00:12:07]  [%emt 00:04:26]} 24. fxe4 {[%clk 00:19:46]  [%emt 00:01:12]}
24... Bd4+ {[%clk 00:10:16]  [%emt 00:01:55]} 25. Kh1 {
[%clk 00:19:40]  [%emt 00:00:47]} 25... Bxc3 {[%clk 00:09:51]} 26. Bxc3 {
[%clk 00:19:13]  [%emt 00:00:27]} 26... Rxe4 {[%clk 00:09:40]  [%emt 00:00:16]}
27. Qd3 {[%clk 00:19:02]  [%emt 00:00:16]} 27... Qf7 {
[%clk 00:09:17]  [%emt 00:00:36]} 28. Qxe4 {[%clk 00:17:19]  [%emt 00:01:41]}
28... fxe4 {[%clk 00:09:21]  [%emt 00:00:25]} 29. Rxf7 {[%clk 00:17:22]} 29...
Rxf7 {[%clk 00:09:18]} 30. a5 {[%clk 00:16:57]  [%emt 00:00:17]} 30... e3 {
[%clk 00:02:28]  [%emt 00:06:54]} 31. a6 {[%clk 00:14:02]  [%emt 00:03:00]}
31... Bxd5 {[%clk 00:02:24]  [%emt 00:00:10]} 32. b6 {
[%clk 00:11:47]  [%emt 00:02:18]} 32... Bxc4 {[%clk 00:01:59]  [%emt 00:00:32]}
33. b7 {[%clk 00:11:42]  [%emt 00:00:13]} 33... Nxa6 {
[%clk 00:01:55]  [%emt 00:00:10]} 34. b8=Q+ {[%clk 00:09:45]  [%emt 00:02:19]}
34... Nxb8 {[%clk 00:01:59]  [%emt 00:00:04]} 35. Rxb8+ {[%clk 00:09:51]} 35...
Rf8 36. Rxf8+ Kxf8 {[%clk 00:02:07]} 37. Kg1 {[%clk 00:09:55]} 37... Kf7 {
[%clk 00:01:30]  [%emt 00:00:23]} 38. Bd4 {[%clk 00:09:58]  [%emt 00:00:39]}
38... e2 {[%clk 00:01:34]} 39. Kf2 {[%clk 00:10:02]} 39... g5 {[%clk 00:01:32]}
40. h3 {[%clk 00:09:26]  [%emt 00:00:12]} 40... Kg6 {
[%clk 00:01:11]  [%emt 00:00:26]} 41. Bc3 {[%clk 00:09:27]  [%emt 00:00:10]}
41... Kf5 {[%clk 00:01:01]  [%emt 00:00:14]} 42. Ke3 {
[%clk 00:08:26]  [%emt 00:01:01]} 42... h5 {[%clk 00:00:57]  [%emt 00:00:35]}
43. g3 {[%clk 00:08:10]  [%emt 00:00:21]} 43... d5 {
[%clk 00:00:37]  [%emt 00:00:03]} 44. Be1 {[%clk 00:07:26]  [%emt 00:00:59]}
44... Bb5 {[%clk 00:00:29]} 45. Bc3 {[%clk 00:07:13]  [%emt 00:00:18]} 45... h4
{[%clk 00:00:34]} 46. gxh4 {[%clk 00:06:24]  [%emt 00:00:58]} 46... gxh4 {
[%clk 00:00:38]  [%emt 00:00:03]} 47. Kf3 {[%clk 00:06:18]  [%emt 00:00:07]}
47... d4 {[%clk 00:00:37]  [%emt 00:00:07]} 48. Be1 {
[%clk 00:06:17]  [%emt 00:00:06]} 48... Kg5 {[%clk 00:00:18]  [%emt 00:00:22]}
49. Bd2+ {[%clk 00:05:40]  [%emt 00:00:52]} 49... Kh5 {[%clk 00:00:19]} 50. Ke4
{[%clk 00:05:22]  [%emt 00:00:17]} 50... Bd7 {[%clk 00:00:19]  [%emt 00:00:14]}
51. Kxd4 {[%clk 00:05:07]  [%emt 00:00:11]} 51... Bxh3 {
[%clk 00:00:23]  [%emt 00:00:10]} 52. Ke3 {[%clk 00:05:11]} 52... Bg4 {
[%clk 00:00:24]} 53. Kf2 {[%clk 00:05:11]  [%emt 00:00:04]} 53... Kg6 {
[%clk 00:00:25]  [%emt 00:00:03]} 54. Be1 {[%clk 00:05:02]  [%emt 00:00:15]}
54... Kf5 {[%clk 00:00:29]  [%emt 00:00:03]} 55. Kg2 {[%clk 00:05:06]} 55...
Kg5 {[%clk 00:00:11]  [%emt 00:00:21]} 56. Bd2+ {
[%clk 00:04:59]  [%emt 00:00:10]} 56... Kh5 {[%clk 00:00:16]  [%emt 00:00:04]}
57. Be1 {[%clk 00:05:03]} 57... Bd7 {[%clk 00:00:15]  [%emt 00:00:07]} 58. Kf3
{[%clk 00:05:02]  [%emt 00:00:07]} 58... Bb5 {[%clk 00:00:18]  [%emt 00:00:04]}
59. Bd2 {[%clk 00:04:41]  [%emt 00:00:18]} 59... Kg6 {
[%clk 00:00:10]  [%emt 00:00:41]} 60. Ke4 {[%emt 00:00:04]} 1/2-1/2

[Event "Campeonatos de Espana Universitarios 20"]
[Site "Universidad de Alicante, Spai"]
[Date "2019.04.10"]
[Round "8.2"]
[White "Sanchez Saez, Francisco"]
[Black "Bayo Milagro, Alvaro"]
[Result "1-0"]
[WhiteElo "2332"]
[BlackElo "2333"]
[PlyCount "73"]
[EventDate "2019.??.??"]

1. e4 {[%clk 00:40:07]  [%emt 00:00:04]} 1... e5 {
[%clk 00:40:08]  [%emt 00:00:03]} 2. Nc3 {[%clk 00:40:10]} 2... Nc6 {
[%clk 00:39:47]  [%emt 00:00:23]} 3. Bc4 {[%clk 00:40:09]  [%emt 00:00:35]}
3... Nf6 {[%clk 00:39:39]  [%emt 00:00:04]} 4. d3 {[%clk 00:40:11]} 4... Bc5 {
[%clk 00:39:38]} 5. f4 {[%clk 00:40:11]  [%emt 00:00:04]} 5... d6 {
[%clk 00:39:24]  [%emt 00:00:10]} 6. Nf3 {[%clk 00:40:14]  [%emt 00:00:09]}
6... a6 {[%clk 00:39:25]  [%emt 00:00:04]} 7. Qe2 {
[%clk 00:38:50]  [%emt 00:01:39]} 7... Bg4 {[%clk 00:38:31]  [%emt 00:00:40]}
8. Be3 {[%clk 00:38:42]  [%emt 00:00:30]} 8... Nd4 {[%clk 00:38:27]} 9. Bxd4 {
[%clk 00:38:33]  [%emt 00:00:12]} 9... Bxd4 {[%clk 00:38:27]  [%emt 00:00:04]}
10. h3 {[%clk 00:37:18]  [%emt 00:01:20]} 10... Bxf3 {
[%clk 00:38:27]  [%emt 00:00:14]} 11. Qxf3 {[%clk 00:37:12]  [%emt 00:00:03]}
11... Qe7 {[%clk 00:37:58]  [%emt 00:00:28]} 12. Ne2 {
[%clk 00:36:39]  [%emt 00:00:38]} 12... d5 {[%clk 00:34:58]  [%emt 00:03:06]}
13. Nxd4 {[%clk 00:32:35]  [%emt 00:04:39]} 13... exd4 {[%clk 00:34:57]} 14.
Bb3 {[%clk 00:32:31]  [%emt 00:00:04]} 14... dxe4 {[%clk 00:34:53]} 15. dxe4 {
[%clk 00:32:35]} 15... Qxe4+ {[%clk 00:34:39]  [%emt 00:00:09]} 16. Qxe4+ {
[%clk 00:32:38]  [%emt 00:00:29]} 16... Nxe4 {[%clk 00:34:40]  [%emt 00:00:04]}
17. O-O-O {[%clk 00:32:36]} 17... O-O-O {[%clk 00:34:39]} 18. Rhe1 {
[%clk 00:32:33]  [%emt 00:00:03]} 18... Nd6 {[%clk 00:33:25]  [%emt 00:01:10]}
19. Rxd4 {[%clk 00:32:07]  [%emt 00:00:54]} 19... c5 {
[%clk 00:33:24]  [%emt 00:00:03]} 20. Rd5 {[%clk 00:31:48]  [%emt 00:00:07]}
20... b6 {[%clk 00:33:04]  [%emt 00:00:22]} 21. c3 {
[%clk 00:30:36]  [%emt 00:01:21]} 21... Kc7 {[%clk 00:30:03]  [%emt 00:03:00]}
22. Rde5 {[%clk 00:25:57]  [%emt 00:05:19]} 22... Rd7 {
[%clk 00:29:38]  [%emt 00:00:04]} 23. Ba4 {[%clk 00:23:55]  [%emt 00:01:59]}
23... b5 {[%clk 00:29:22]  [%emt 00:00:21]} 24. Bd1 {
[%clk 00:23:59]  [%emt 00:00:30]} 24... Kb6 {[%clk 00:28:53]  [%emt 00:00:08]}
25. Bg4 {[%clk 00:23:16]  [%emt 00:00:45]} 25... Rdd8 {
[%clk 00:28:45]  [%emt 00:00:39]} 26. Re7 {[%clk 00:22:33]  [%emt 00:00:23]}
26... Rhe8 {[%clk 00:28:20]  [%emt 00:00:30]} 27. Bf3 {
[%clk 00:22:30]  [%emt 00:00:12]} 27... Rxe7 {[%clk 00:23:57]  [%emt 00:04:26]}
28. Rxe7 {[%clk 00:22:32]  [%emt 00:00:03]} 28... Re8 {
[%clk 00:24:00]  [%emt 00:00:04]} 29. Rd7 {[%clk 00:20:42]  [%emt 00:01:50]}
29... Re6 {[%clk 00:24:02]  [%emt 00:00:05]} 30. Bd5 {
[%clk 00:18:29]  [%emt 00:02:16]} 30... Rf6 {[%clk 00:21:45]  [%emt 00:02:22]}
31. g4 {[%clk 00:18:02]  [%emt 00:00:35]} 31... h6 {
[%clk 00:21:06]  [%emt 00:00:43]} 32. h4 {[%clk 00:16:50]  [%emt 00:01:16]}
32... c4 {[%clk 00:17:09]  [%emt 00:04:01]} 33. g5 {
[%clk 00:12:55]  [%emt 00:04:12]} 33... hxg5 {[%clk 00:17:12]} 34. hxg5 {
[%clk 00:12:59]} 34... Rf5 {[%clk 00:17:11]  [%emt 00:00:03]} 35. Rxd6+ {
[%clk 00:12:41]  [%emt 00:00:19]} 35... Kc5 {[%clk 00:17:15]  [%emt 00:00:04]}
36. Be4 {[%clk 00:12:34]  [%emt 00:00:10]} 36... Rxf4 {
[%clk 00:17:19]  [%emt 00:00:03]} 37. Rc6# 1-0

[Event "Campeonatos de Espana Universitarios 20"]
[Site "Universidad de Alicante, Spai"]
[Date "2019.04.10"]
[Round "8.3"]
[White "Suarez Uriel, Adrian"]
[Black "Alshameary Puente, Ismael"]
[Result "1-0"]
[WhiteElo "2397"]
[BlackElo "2425"]
[PlyCount "91"]
[EventDate "2019.??.??"]

1. e4 {[%clk 00:40:08]  [%emt 00:00:11]} 1... e5 {[%clk 00:40:09]} 2. Nf3 {
[%clk 00:40:10]} 2... Nc6 {[%clk 00:40:12]} 3. Bc4 {[%clk 00:40:14]} 3... Nf6 {
[%clk 00:40:15]  [%emt 00:00:33]} 4. d3 {[%clk 00:40:14]} 4... Be7 {
[%clk 00:40:15]  [%emt 00:00:04]} 5. O-O {[%clk 00:40:15]} 5... O-O {
[%clk 00:40:18]} 6. a4 {[%clk 00:40:18]} 6... d6 {[%clk 00:40:17]} 7. Re1 {
[%clk 00:40:22]} 7... Kh8 {[%clk 00:40:16]  [%emt 00:00:03]} 8. a5 {
[%clk 00:39:32]  [%emt 00:00:48]} 8... a6 {[%clk 00:40:20]} 9. c3 {
[%clk 00:39:26]  [%emt 00:00:34]} 9... Ng8 {[%clk 00:40:21]} 10. d4 {
[%clk 00:33:19]  [%emt 00:05:57]} 10... f5 {[%clk 00:40:17]  [%emt 00:00:05]}
11. exf5 {[%clk 00:32:07]  [%emt 00:01:28]} 11... d5 {
[%clk 00:40:03]  [%emt 00:00:11]} 12. Be2 {[%clk 00:31:39]  [%emt 00:00:31]}
12... e4 {[%clk 00:39:16]  [%emt 00:00:52]} 13. Ne5 {
[%clk 00:30:51]  [%emt 00:00:53]} 13... Nxe5 {[%clk 00:32:19]  [%emt 00:07:01]}
14. dxe5 {[%clk 00:30:36]  [%emt 00:00:20]} 14... Rxf5 {
[%clk 00:32:22]  [%emt 00:00:11]} 15. f4 {[%clk 00:30:25]  [%emt 00:00:10]}
15... Bc5+ {[%clk 00:28:24]  [%emt 00:04:00]} 16. Kh1 {
[%clk 00:29:15]  [%emt 00:01:16]} 16... Bf2 {[%clk 00:27:14]  [%emt 00:01:20]}
17. Rf1 {[%clk 00:28:28]  [%emt 00:00:46]} 17... Qh4 {
[%clk 00:26:55]  [%emt 00:00:24]} 18. Rxf2 {[%clk 00:23:08]  [%emt 00:05:25]}
18... Qxf2 {[%clk 00:26:54]  [%emt 00:00:40]} 19. Na3 {[%clk 00:23:13]} 19...
Ne7 {[%clk 00:18:15]  [%emt 00:08:10]} 20. Nc2 {
[%clk 00:23:13]  [%emt 00:00:31]} 20... Rf8 {[%clk 00:17:42]  [%emt 00:00:12]}
21. Be3 {[%clk 00:23:14]  [%emt 00:00:06]} 21... Qh4 {[%clk 00:17:46]} 22. g3 {
[%clk 00:19:37]  [%emt 00:03:40]} 22... Qh3 {[%clk 00:17:50]} 23. Bc5 {
[%clk 00:19:42]  [%emt 00:00:10]} 23... Qd7 {[%clk 00:14:01]  [%emt 00:03:49]}
24. Ne3 {[%clk 00:18:22]  [%emt 00:01:23]} 24... Rd8 {
[%clk 00:09:47]  [%emt 00:04:17]} 25. Bg4 {[%clk 00:17:44]  [%emt 00:00:45]}
25... Qe8 {[%clk 00:09:51]  [%emt 00:00:04]} 26. f5 {
[%clk 00:17:43]  [%emt 00:00:03]} 26... Ng8 {[%clk 00:08:28]  [%emt 00:01:26]}
27. Qd4 {[%clk 00:12:22]  [%emt 00:05:27]} 27... Nh6 {
[%clk 00:08:32]  [%emt 00:00:08]} 28. Rf1 {[%clk 00:12:26]} 28... b6 {
[%clk 00:04:03]  [%emt 00:04:29]} 29. axb6 {[%clk 00:12:00]  [%emt 00:00:35]}
29... cxb6 {[%clk 00:04:07]  [%emt 00:00:05]} 30. Bxb6 {[%clk 00:11:59]} 30...
Rb8 {[%clk 00:03:20]  [%emt 00:00:49]} 31. Bxd8 {
[%clk 00:11:48]  [%emt 00:00:15]} 31... Qxd8 {[%clk 00:03:24]  [%emt 00:00:34]}
32. e6 {[%clk 00:11:23]  [%emt 00:00:06]} 32... Qg5 {
[%clk 00:02:21]  [%emt 00:00:59]} 33. h4 {[%clk 00:09:37]  [%emt 00:01:54]}
33... Qf6 {[%clk 00:01:49]  [%emt 00:00:34]} 34. Qxf6 {
[%clk 00:09:17]  [%emt 00:00:25]} 34... gxf6 {[%clk 00:01:53]  [%emt 00:00:06]}
35. b4 {[%clk 00:09:21]} 35... Kg7 {[%clk 00:01:30]  [%emt 00:00:32]} 36. Be2 {
[%clk 00:09:21]} 36... Bb7 {[%clk 00:01:33]  [%emt 00:00:03]} 37. g4 {
[%clk 00:09:07]  [%emt 00:00:17]} 37... Rc8 {[%clk 00:01:24]  [%emt 00:00:12]}
38. Rd1 {[%clk 00:07:51]  [%emt 00:01:21]} 38... Rxc3 {
[%clk 00:00:59]  [%emt 00:00:33]} 39. Nxd5 {[%clk 00:07:55]  [%emt 00:00:04]}
39... Rc2 {[%clk 00:00:18]  [%emt 00:00:40]} 40. Nf4 {[%clk 00:07:58]} 40...
Bc6 {[%clk 00:00:20]  [%emt 00:00:13]} 41. Kg1 {
[%clk 00:07:22]  [%emt 00:00:33]} 41... Ng8 {[%clk 00:00:12]  [%emt 00:00:14]}
42. Rd7+ {[%clk 00:04:39]  [%emt 00:02:51]} 42... Kh6 {
[%clk 00:00:06]  [%emt 00:00:09]} 43. Kf2 {[%clk 00:03:52]  [%emt 00:01:13]}
43... Bxd7 {[%clk 00:00:08]} 44. exd7 {[%clk 00:03:55]} 44... Rd2 {
[%clk 00:00:12]} 45. Ne6 {[%clk 00:03:39]  [%emt 00:00:13]} 45... Rxd7 {
[%clk 00:00:11]  [%emt 00:00:12]} 46. g5+ {[%clk 00:03:42]} 1-0

[Event "Campeonatos de Espana Universitarios 20"]
[Site "Universidad de Alicante, Spai"]
[Date "2019.04.10"]
[Round "8.4"]
[White "Gutierrez Valero, Mario"]
[Black "Gimenez Menchon, Cesar"]
[Result "0-1"]
[WhiteElo "2220"]
[BlackElo "2249"]
[PlyCount "62"]
[EventDate "2019.??.??"]

1. d4 {[%clk 00:40:08]} 1... d5 {[%clk 00:40:07]} 2. Nf3 {
[%clk 00:40:00]  [%emt 00:00:11]} 2... e6 {[%clk 00:39:58]  [%emt 00:00:09]} 3.
c4 {[%clk 00:40:03]  [%emt 00:00:03]} 3... c5 {[%clk 00:40:00]} 4. cxd5 {
[%clk 00:40:06]  [%emt 00:00:04]} 4... exd5 {[%clk 00:40:02]} 5. g3 {
[%clk 00:40:09]  [%emt 00:00:04]} 5... Nc6 {[%clk 00:39:54]  [%emt 00:00:32]}
6. Bg2 {[%clk 00:40:13]  [%emt 00:00:03]} 6... Nf6 {[%clk 00:39:45]} 7. O-O {
[%clk 00:40:16]} 7... Be7 {[%clk 00:39:48]} 8. Nc3 {
[%clk 00:40:19]  [%emt 00:00:04]} 8... O-O {[%clk 00:39:46]} 9. Bg5 {
[%clk 00:40:21]  [%emt 00:00:03]} 9... c4 {[%clk 00:39:49]  [%emt 00:00:03]}
10. Ne5 {[%clk 00:39:59]  [%emt 00:00:25]} 10... Be6 {
[%clk 00:39:44]  [%emt 00:00:10]} 11. b3 {[%clk 00:40:01]  [%emt 00:00:04]}
11... h6 {[%clk 00:39:40]  [%emt 00:00:11]} 12. Bxf6 {
[%clk 00:36:30]  [%emt 00:03:31]} 12... Bxf6 {[%clk 00:39:42]  [%emt 00:00:24]}
13. Nxc6 {[%clk 00:36:33]} 13... bxc6 {[%clk 00:39:45]} 14. bxc4 {
[%clk 00:36:35]} 14... dxc4 {[%clk 00:39:47]  [%emt 00:00:08]} 15. e3 {
[%clk 00:36:15]  [%emt 00:00:10]} 15... Qa5 {[%clk 00:39:48]  [%emt 00:00:04]}
16. Qd2 {[%clk 00:35:24]  [%emt 00:00:53]} 16... Rac8 {
[%clk 00:32:19]  [%emt 00:07:33]} 17. Rfc1 {[%clk 00:32:32]  [%emt 00:02:57]}
17... Rfd8 {[%clk 00:29:22]  [%emt 00:03:03]} 18. Rab1 {
[%clk 00:28:48]  [%emt 00:03:48]} 18... a6 {[%clk 00:25:17]  [%emt 00:04:11]}
19. Rb7 {[%clk 00:26:51]  [%emt 00:02:05]} 19... c5 {
[%clk 00:18:30]  [%emt 00:06:49]} 20. d5 {[%clk 00:23:58]  [%emt 00:02:58]}
20... Bxc3 {[%clk 00:11:57]  [%emt 00:06:37]} 21. Rxc3 {
[%clk 00:22:59]  [%emt 00:01:06]} 21... Bxd5 {[%clk 00:11:41]  [%emt 00:00:19]}
22. Bxd5 {[%clk 00:23:02]  [%emt 00:00:18]} 22... Rxd5 {[%clk 00:11:44]} 23.
Qxd5 {[%clk 00:23:05]} 23... Qxc3 {[%clk 00:11:46]  [%emt 00:00:08]} 24. Rxf7 {
[%clk 00:23:02]} 24... Kh8 {[%clk 00:09:52]  [%emt 00:01:50]} 25. Rf4 {
[%clk 00:21:38]  [%emt 00:01:29]} 25... Qa1+ {[%clk 00:07:55]  [%emt 00:02:01]}
26. Kg2 {[%clk 00:21:30]  [%emt 00:00:32]} 26... c3 {
[%clk 00:07:20]  [%emt 00:00:29]} 27. Qe6 {[%clk 00:20:07]  [%emt 00:01:22]}
27... Rg8 {[%clk 00:06:38]  [%emt 00:00:46]} 28. Qb3 {
[%clk 00:19:58]  [%emt 00:00:15]} 28... Qb2 {[%clk 00:05:47]  [%emt 00:00:58]}
29. Qe6 {[%clk 00:10:29]  [%emt 00:09:31]} 29... c2 {
[%clk 00:03:19]  [%emt 00:02:33]} 30. Rh4 {[%clk 00:10:23]  [%emt 00:00:15]}
30... Qb7+ {[%clk 00:02:51]  [%emt 00:00:29]} 31. f3 {
[%clk 00:10:07]  [%emt 00:00:24]} 31... Rf8 {[%clk 00:01:37]  [%emt 00:01:18]}
0-1

[Event "Campeonatos de Espana Universitarios 20"]
[Site "Universidad de Alicante, Spai"]
[Date "2019.04.10"]
[Round "8.5"]
[White "Rodriguez Perez, Angel Mariano"]
[Black "Sanchez Gonzalez, Sergio"]
[Result "1-0"]
[WhiteElo "2223"]
[BlackElo "2358"]
[PlyCount "83"]
[EventDate "2019.??.??"]

1. e4 {[%clk 00:40:08]  [%emt 00:00:14]} 1... c5 {[%clk 00:40:08]} 2. Nc3 {
[%clk 00:40:12]} 2... d6 {[%clk 00:39:58]  [%emt 00:00:07]} 3. f4 {
[%clk 00:40:06]  [%emt 00:00:11]} 3... Nc6 {[%clk 00:39:57]  [%emt 00:00:05]}
4. Bb5 {[%clk 00:40:08]  [%emt 00:00:05]} 4... Nf6 {
[%clk 00:39:31]  [%emt 00:00:35]} 5. Bxc6+ {[%clk 00:40:11]} 5... bxc6 {
[%clk 00:39:34]  [%emt 00:00:05]} 6. Nf3 {[%clk 00:40:09]  [%emt 00:00:04]}
6... g6 {[%clk 00:39:33]  [%emt 00:00:06]} 7. d3 {
[%clk 00:40:12]  [%emt 00:00:04]} 7... Bg7 {[%clk 00:39:36]} 8. O-O {
[%clk 00:40:07]  [%emt 00:00:10]} 8... O-O {[%clk 00:39:33]  [%emt 00:00:06]}
9. Qe1 {[%clk 00:39:57]  [%emt 00:00:13]} 9... a5 {
[%clk 00:38:10]  [%emt 00:01:29]} 10. a4 {[%clk 00:37:30]  [%emt 00:02:36]}
10... Rb8 {[%clk 00:34:41]  [%emt 00:03:39]} 11. b3 {
[%clk 00:36:54]  [%emt 00:00:37]} 11... Nh5 {[%clk 00:34:04]  [%emt 00:00:36]}
12. Rb1 {[%clk 00:36:11]  [%emt 00:00:49]} 12... f5 {
[%clk 00:32:55]  [%emt 00:01:14]} 13. e5 {[%clk 00:35:54]  [%emt 00:00:22]}
13... g5 {[%clk 00:31:30]  [%emt 00:01:36]} 14. exd6 {
[%clk 00:33:25]  [%emt 00:02:29]} 14... Qxd6 {[%clk 00:31:33]} 15. fxg5 {
[%clk 00:32:45]  [%emt 00:00:46]} 15... e5 {[%clk 00:31:05]  [%emt 00:00:36]}
16. Be3 {[%clk 00:29:01]  [%emt 00:03:46]} 16... e4 {
[%clk 00:28:34]  [%emt 00:02:36]} 17. dxe4 {[%clk 00:28:28]  [%emt 00:00:38]}
17... f4 {[%clk 00:28:37]} 18. Bf2 {[%clk 00:26:33]  [%emt 00:02:01]} 18... Ba6
{[%clk 00:28:00]  [%emt 00:00:43]} 19. e5 {[%clk 00:26:35]  [%emt 00:00:06]}
19... Qe6 {[%clk 00:26:43]  [%emt 00:01:20]} 20. Bxc5 {
[%clk 00:26:23]  [%emt 00:00:16]} 20... Bxf1 {[%clk 00:26:39]  [%emt 00:00:13]}
21. Bxf8 {[%clk 00:25:01]  [%emt 00:01:26]} 21... Bxg2 {[%clk 00:26:42]} 22.
Kxg2 {[%clk 00:24:19]  [%emt 00:00:46]} 22... Rxf8 {
[%clk 00:25:49]  [%emt 00:00:58]} 23. Ne4 {[%clk 00:23:44]  [%emt 00:00:40]}
23... Qg4+ {[%clk 00:21:51]  [%emt 00:04:07]} 24. Kf2 {
[%clk 00:23:38]  [%emt 00:00:05]} 24... Re8 {[%clk 00:21:55]  [%emt 00:00:06]}
25. Qg1 {[%clk 00:21:30]  [%emt 00:02:09]} 25... Qf5 {
[%clk 00:20:11]  [%emt 00:01:50]} 26. Re1 {[%clk 00:18:32]  [%emt 00:03:06]}
26... Kh8 {[%clk 00:17:44]  [%emt 00:02:29]} 27. Re2 {
[%clk 00:17:49]  [%emt 00:00:47]} 27... Bxe5 {[%clk 00:17:43]  [%emt 00:00:07]}
28. Nd6 {[%clk 00:16:40]  [%emt 00:01:14]} 28... Bd4+ {
[%clk 00:17:20]  [%emt 00:00:26]} 29. Nxd4 {[%clk 00:16:22]  [%emt 00:00:24]}
29... Rxe2+ {[%clk 00:17:24]} 30. Nxe2 {[%clk 00:15:02]  [%emt 00:01:27]} 30...
Qc5+ {[%clk 00:17:28]} 31. Kf3 {[%clk 00:14:46]  [%emt 00:00:21]} 31... Qxd6 {
[%clk 00:17:30]  [%emt 00:00:07]} 32. Qd4+ {[%clk 00:14:48]  [%emt 00:00:05]}
32... Qxd4 {[%clk 00:17:03]  [%emt 00:00:30]} 33. Nxd4 {[%clk 00:14:51]} 33...
Ng7 {[%clk 00:16:01]  [%emt 00:01:04]} 34. Nxc6 {
[%clk 00:14:54]  [%emt 00:00:05]} 34... Ne6 {[%clk 00:16:05]} 35. h4 {
[%clk 00:14:43]  [%emt 00:00:14]} 35... Kg8 {[%clk 00:16:09]  [%emt 00:00:06]}
36. Nxa5 {[%clk 00:14:36]  [%emt 00:00:08]} 36... Nd4+ {[%clk 00:16:13]} 37.
Kxf4 {[%clk 00:14:34]  [%emt 00:00:11]} 37... Nxc2 {[%clk 00:16:17]} 38. Nc6 {
[%clk 00:14:25]  [%emt 00:00:12]} 38... Kf7 {[%clk 00:16:21]} 39. a5 {
[%clk 00:14:26]  [%emt 00:00:09]} 39... Ne1 {[%clk 00:15:48]  [%emt 00:00:35]}
40. Ke3 {[%clk 00:14:13]  [%emt 00:00:22]} 40... Ng2+ {
[%clk 00:15:20]  [%emt 00:00:31]} 41. Ke4 {[%clk 00:14:17]} 41... Nxh4 42. a6 {
[%clk 00:14:17]} 1-0